书目信息 |
| 题名: |
星槎勝覽
|
|
| 作者: | 费信, , 马欢, 撰 | |
| 分册: | ||
| 出版信息: | 北京 文物出版社 2022.07 |
|
| 页数: | 156页 | |
| 开本: | 24cm | |
| 丛书名: | 海上絲綢之路基本文獻叢書 | |
| 单 册: | ||
| 中图分类: | K248.105 | |
| 科图分类: | ||
| 主题词: | 郑和下西洋--zheng he xia xi yang--史料 | |
| 电子资源: | ||
| ISBN: | 978-7-5010-7599-7 | |
| 000 | 01320nam 2200337 450 | |
| 001 | CAL 012022013998 | |
| 005 | 20230217093113.0 | |
| 010 | @a978-7-5010-7599-7@b精装@dCNY90.00 | |
| 100 | @a20220913e2022 em y0chiy0120 ea | |
| 101 | 0 | @achi |
| 102 | @aCN@b110000 | |
| 105 | @ay z 000yy | |
| 106 | @ar | |
| 200 | 1 | @a星槎勝覽@Axing cha sheng lan@f(明) 費信撰@c瀛涯勝覽@Cying ya sheng lan@f(明) 馬歡撰 |
| 205 | @a影印本 | |
| 210 | @a北京@c文物出版社@d2022.07 | |
| 215 | @a156页@d24cm | |
| 225 | 2 | @a海上絲綢之路基本文獻叢書@Ahai shang si chou zhi lu ji ben wen xian cong shu |
| 330 | @a本编注重史料的珍稀性, 从《海上丝绸之路历史文化丛书》中遴选出菁华, 拟出版百册单行本。本编所选之文献, 其编纂的年代下限至一九四九年。本编排序无严格定式, 所选之文献篇幅以二百余页为宜, 以便读者阅读使用。本编所选文献, 每种前皆注明版本、著者。本册内容包括: 星槎胜览、瀛涯胜览。 | |
| 410 | 0 | @12001 @a海上絲綢之路基本文獻叢書 |
| 423 | 0 | @12001 @a瀛涯胜覽@1701 0@a马欢,@f明代 |
| 518 | 1 | @a星槎胜览 |
| 518 | 1 | @a瀛涯胜览 |
| 606 | 0 | @a郑和下西洋@Azheng he xia xi yang@x史料 |
| 690 | @aK248.105@v5 | |
| 701 | 0 | @a费信, @Afei xin@f明代@4撰 |
| 701 | 0 | @a马欢, @Ama huan@f明代@4撰 |
| 730 | 1 | @a費信@Afei xin@4撰 |
| 730 | 1 | @a馬歡@Ama huan@4撰 |
| 801 | 0 | @aCN@bBJXHZP@c20230222 |
| 905 | @b1394616-9@dK248.105@e178@f4 | |
| 星槎勝覽/(明) 費信撰.瀛涯勝覽/(明) 馬歡撰.-影印本.-北京:文物出版社,2022.07 |
| 156页;24cm.-(海上絲綢之路基本文獻叢書) |
| ISBN 978-7-5010-7599-7(精装):CNY90.00 |
| 本编注重史料的珍稀性, 从《海上丝绸之路历史文化丛书》中遴选出菁华, 拟出版百册单行本。本编所选之文献, 其编纂的年代下限至一九四九年。本编排序无严格定式, 所选之文献篇幅以二百余页为宜, 以便读者阅读使用。本编所选文献, 每种前皆注明版本、著者。本册内容包括: 星槎胜览、瀛涯胜览。 |
| ● |
| 相关链接 |
|
|
|
|
正题名:星槎勝覽
索取号:K248.105/178
 
预约/预借
| 序号 | 登录号 | 条形码 | 馆藏地/架位号 | 状态 | 备注 |
| 1 | 1394616 | 213946168 | 第二样本阅览室/ [索取号:K248.105/178] | 在馆 | |
| 2 | 1394617 | 213946177 | 第二借阅区/ [索取号:K248.105/178] | 在馆 | |
| 3 | 1394618 | 213946186 | 第二借阅区/ [索取号:K248.105/178] | 在馆 | |
| 4 | 1394619 | 213946195 | 第二借阅区/ [索取号:K248.105/178] | 在馆 |